ordinance No.19 of 1943. L.D.-O 47/39 An ordinance To Provide For The Establishment And Regulation of The Agricultural And Industrial Credit Corporation of Ceylon. [ Assented To By His Majesty The King : See Proclamation Dated July 23,1943,Published In Go (Record no. 49746)
[ view plain ]
| 000 -LEADER | |
|---|---|
| fixed length control field | 00612nam a2200145Ia 4500 |
| 008 - FIXED-LENGTH DATA ELEMENTS--GENERAL INFORMATION | |
| fixed length control field | 180921t xxu||||| ||||o00| 0 eng d |
| 041 ## - LANGUAGE CODE | |
| Language code of text/sound track or separate title | English |
| 080 ## - UNIVERSAL DECIMAL CLASSIFICATION NUMBER | |
| Universal Decimal Classification number | The Ordinances Of Ceylon 1943 |
| 942 ## - ADDED ENTRY ELEMENTS (KOHA) | |
| Koha item type | Books |
| 003 - CONTROL NUMBER IDENTIFIER | |
| control field | LK-CoDNM |
| 040 ## - CATALOGING SOURCE | |
| Original cataloging agency | LK-CoDNM |
| Modifying agency | LK-CoDNM |
| Description conventions | LK-CoDNM |
| 245 ## - TITLE STATEMENT | |
| Title | ordinance No.19 of 1943. L.D.-O 47/39 An ordinance To Provide For The Establishment And Regulation of The Agricultural And Industrial Credit Corporation of Ceylon. [ Assented To By His Majesty The King : See Proclamation Dated July 23,1943,Published In Go |
| 300 ## - PHYSICAL DESCRIPTION | |
| Extent | 23 cm |
| 650 ## - SUBJECT ADDED ENTRY--TOPICAL TERM | |
| Topical term or geographic name as entry element | Agricultural And Industrial Credit Corporation |
| Withdrawn status | Lost status | Damaged status | Not for loan | Collection code | Permanent Location | Current Location | Date acquired | Full call number | Koha item type |
|---|---|---|---|---|---|---|---|---|---|
| Government Publications | Library National Museum Colombo - Sri Lanka | Library National Museum Colombo - Sri Lanka | 2013-07-18 | The Ordinances Of Ceylon 1943 | Books |


